What price progress? : The stake of the investor in the discoveries of science

This book introduce about science and the investor, heat, power and light, coal and conservation gas and gas engines, iron, copper and aluminum...

Saved in:
Bibliographic Details
Main Author: Farrell, Hugh
Format: Book
Language:Undetermined
Published: New York G. P. Putnam's sons 1926
Subjects:
Tags: Add Tag
No Tags, Be the first to tag this record!
Institutions: Trung tâm Học liệu Trường Đại học Cần Thơ
LEADER 00737nam a2200205Ia 4500
001 CTU_228601
008 210402s9999 xx 000 0 und d
082 |a 607 
082 |b F245 
100 |a Farrell, Hugh 
245 0 |a What price progress? : 
245 4 |b The stake of the investor in the discoveries of science 
245 0 |c Hugh Farrell 
260 |a New York 
260 |b G. P. Putnam's sons 
260 |c 1926 
520 |a This book introduce about science and the investor, heat, power and light, coal and conservation gas and gas engines, iron, copper and aluminum... 
650 |a Nghiên cứu, công nghiệp,Research, Industrial 
910 |b dqhieu 
980 |a Trung tâm Học liệu Trường Đại học Cần Thơ